Eduardo Resbier (Record no. 15308)

MARC details
000 - LÍDER
campo de control de longitud fija 00965nam a2200217Ia 4500
008 - ELEMENTOS DE DATOS DE LONGITUD FIJA - INFORMACIÓN GENERAL
campo de control de longitud fija 0000002010 sp a 0000000000mul00
020 ## - INTERNATIONAL STANDARD BOOK NUMBER
International Standard Book Number 9788492637379
090 ## - NÚMERO DE LLAMADA DE TIPO LC LOCALMENTE ASIGNADO (OCLC)
Número de clasificación (OCLC) (R) PSP00 J35e
100 1# - ENTRADA PRINCIPAL - NOMBRE PERSONAL
Nombre de la persona Jiménez, Carlos
245 10 - TÍTULO DECLARACIÓN
Título Eduardo Resbier
Resto del título : estancia en el desierto
Declaración de responsabilidad / textos Carlos Jiménez, Jesús París ; traducción Angela Suárez ; fotografías Jorge Martín
260 ## - PUBLICACIÓN, DISTRIBUCIÓN
Lugar de publicación Burgos : Centro de Arte Caja Burgos
Fecha de publicación 2010
300 ## - DESCRIPCIÓN FÍSICA
Alcance [76] p.
Dimensiones / 24 cm.
500 ## - NOTA GENERAL
Nota general Exposición realizada en el Centro de Arte de la Caja Burgos, en Burgos, España entre el 28 de mayo y el 12 de septiembre de 2010 \ Incluye datos biográficos y cronología artística \ Texto en español e inglés
600 00 - ENTRADA DE SUJETO AÑADIDO - NOMBRE PERSONAL
Nombre de la persona RESBIER, EDUARD, 1968/
Subdivisión general TRABAJOS PICTORICOS
650 14 - ENTRADA DE SUJETO AÑADIDO - TÉRMINO TÓPICO
Término tópico o elemento de entrada del nombre geográfico PINTURA ESPAÑOLA
650 14 - ENTRADA DE SUJETO AÑADIDO - TÉRMINO TÓPICO
Término tópico o elemento de entrada del nombre geográfico ARTE CONTEMPORANEO ESPAÑOL
650 14 - ENTRADA DE SUJETO AÑADIDO - TÉRMINO TÓPICO
Subdivisión general CATALOGOS
650 14 - ENTRADA DE SUJETO AÑADIDO - TÉRMINO TÓPICO
Subdivisión general EXPOSICIONES
650 14 - ENTRADA DE SUJETO AÑADIDO - TÉRMINO TÓPICO
Término tópico o elemento de entrada del nombre geográfico PINTORES ESPAÑOLES
700 1# - ENTRADA AGREGADA - NOMBRE PERSONAL
Nombre de la persona París, Jesús
Holdings
Estado de retirada Pérdida de estatus Estado dañado No para préstamo Código de recogida Ubicación permanente Ubicación actual Ubicación de las estanterías Fecha de adquisición Número de llamada completo Código de barras Fecha de la última vez que se vio Número de copia Precio efectivo desde Tipo de artículo Koha
        General ArtNexus ArtNexus General 06/09/2022 P-SP-00 J35E 15618 06/09/2022 Ej.1 06/09/2022 Libro

Powered by Koha